000 00619nam a2200241Ia 4500
003 OSt
005 20220918190920.0
006 a|||||r|||| 00| 0
007 ta
008 220917b |||||||| |||| 00| 0 eng d
024 _a60,378
037 _cTextual
040 _aARTS
_cARTS
_beng
041 _2eng
_aeng
082 _aQ4:67, H1-;L1 (Q4)
100 _aDutt Nalinaksha
_961961
245 0 _aEarly monstic buddhism
260 _c1941
490 _aCalcutta oriental series; 30
650 _aRELIGION
942 _hQ4:67, H1-;L1 (Q4)
_cTEXL
_2CC
999 _c187324
_d187324